[Event "Reykjavik op"]
[Site "Reykjavik"]
[Date "2018.03.07"]
[Round "2"]
[White "Eljanov, Pavel"]
[Black "Sundararajan, Kidambi"]
[Result "1/2-1/2"]
[WhiteElo "2713"]
[BlackElo "2427"]
[Annotator "Fernandez,D"]
[PlyCount "65"]
[EventDate "2018.03.06"]
[EventType "swiss"]
[EventRounds "9"]
[EventCountry "ISL"]
[SourceTitle "CBM 184"]
[Source "ChessBase"]
[SourceDate "2018.05.16"]
[SourceVersion "1"]
[SourceVersionDate "2018.05.16"]
[SourceQuality "1"]

1. c4 f5 2. b3 d6 3. Bb2 e5 4. d4 {Reinforcing the truism that when trying to
'convert a rating advantage' the best way is to fianchetto and bring about
interesting, even if not immediately advantageous, positions. There is really
not much I can plausibly say about this opening!} Qe7 (4... e4 {was another
call Black could take, trying to play with a far-advanced centre (...Nf6, ...
c6, ...d5, then have a think.)} 5. e3 c6 6. Nh3 Nf6 7. d5 $132) (4... Nd7 {
was probably the most flexible, keeping open the option of ...Qe8-h5 in a
later part of the game.}) 5. Nc3 Nf6 6. e3 g6 7. h4 (7. c5 $5 Nc6 $5 8. cxd6
cxd6 9. Be2 exd4 10. exd4 Bg7 11. Nf3 O-O 12. O-O $11 {was clearly not
'creative enough'.}) 7... Bg7 8. Nf3 e4 (8... exd4 9. Nxd4 f4 {was an unusual
and unstereotyped opportunity that Black could have taken; now only he can be
better, but on the other hand, it takes good concentration, or silicon
assistance, to verify that} 10. e4 $5 Nxe4 11. Nd5 Nc3+ $1 12. Nxe7 Nxd1 13.
Rxd1 Kxe7 {is not a problem.}) 9. Ng5 c6 10. Be2 Na6 11. Qd2 f4 $5 {Ambitious,
but White gets an advantage with his chosen move.} (11... Nc7 $11) 12. d5 $1 ({
After} 12. exf4 {I guess the idea was} h6 13. Nh3 O-O (13... Ng4 14. O-O-O $16
{is nothing}) 14. O-O-O d5 $44 {and White suffers from his lack of access to
the f4-square.}) 12... fxe3 13. fxe3 cxd5 (13... O-O 14. O-O-O c5 15. Rhf1 $14)
14. O-O Nc7 15. Nxd5 (15. cxd5 O-O 16. Rf4 $16) 15... Ncxd5 16. cxd5 O-O 17.
Bc4 (17. Rad1 $16 {makes more sense, cuing up Ne6.}) 17... h6 (17... a6 $5 {
is a good try to minimise White's advantage:} 18. a4 Bd7 19. a5 Nh5 $14) 18.
Ne6 Bxe6 19. dxe6 Ng4 (19... Rad8 20. Rad1 d5 {is objectively best, but the
defence looks grim.}) 20. Bxg7 Kxg7 21. Qd4+ Kh7 22. h5 (22. Be2 $5 Qxe6 23.
Bxg4 Qxg4 24. Qxd6 Rad8 25. Qe7+ Kg8 26. Qxb7 Qxh4 27. Qxa7 $16) 22... Qh4 $1 {
The only practical try.} 23. Qxd6 (23. hxg6+ Kxg6 24. Qxe4+ Kg7 25. Qd4+ Rf6
26. Rxf6 Qh2+ 27. Kf1 Nxf6 28. Rd1 $16 {is maybe 'cleanest' in that it keeps
control.}) 23... gxh5 24. Qc7+ Kh8 25. Bd5 $2 (25. e7 $1 Rf2 26. Be6 $1 {
requires nerves of steel to play, but it is the only way to win!} Rxg2+ 27.
Kxg2 Nxe3+ 28. Kg1 Qg5+ 29. Kf2 $18) 25... Nf2 (25... Rfc8 $5 {was interesting,
with the idea of 'perpetual queen'. Eventually, to get out White has to play}
26. Qf4 Rf8 27. Qxf8+ Rxf8 28. Rxf8+ Kg7 29. Rf7+ Kh8 {and now it transpires
that there is no win, for instance} 30. e7 Qh2+ 31. Kf1 Qh1+ 32. Ke2 Qxg2+ 33.
Ke1 Qg1+ 34. Kd2 Qxe3+ $11) 26. Qe5+ (26. Qh2 {was better off played
immediately, since after} Qg5 {there is now} 27. e7 $1 {gaining a tempo.} Rf6
28. Rxf2 Rxf2 29. Kxf2 Qxd5 {Now for instance} 30. Rf1 $14 {and White has
gained a tempo on the game.} (30. Qf4 $5)) 26... Rf6 27. Qh2 Qg5 $1 {White's
advantage is now all gone.} 28. Rxf2 Rxf2 29. Kxf2 Qxd5 (29... Qf6+ 30. Qf4
Qb2+ $3 31. Kg1 Qxa1+ 32. Kh2 Qg7 {was maybe worth a try, even if it is hard
to see Black winning this.}) 30. e7 $6 (30. Qf4 Qxe6 31. Rd1 {might still
generate some tricks with the help of smoke and mirrors.}) 30... Qd2+ 31. Kg1
Qxe3+ 32. Kh1 Qg5 {Now White has to be careful not to be worse, so he
hurriedly offered a draw with} 33. Re1 {.} (33. Re1 Qxe7 34. Qxh5 Qe6 35. Qc5 {
is equal but arguably easier for Black to play. However, with no idea of the
time situation or the mental capacity of Black to play for a win against
someone 300 points higher, it is hard to criticise accepting the draw.})
1/2-1/2

[Event "Tata Steel-A 77th"]
[Site "Wijk aan Zee"]
[Date "2015.01.18"]
[Round "8"]
[White "Jobava, Baadur"]
[Black "Carlsen, Magnus"]
[Result "0-1"]
[WhiteElo "2727"]
[BlackElo "2862"]
[Annotator "Ftacnik,L"]
[PlyCount "100"]
[EventDate "2015.01.10"]
[EventType "tourn"]
[EventRounds "13"]
[EventCountry "NED"]
[EventCategory "20"]
[SourceTitle "CBM 165"]
[Source "ChessBase"]
[SourceDate "2015.03.11"]
[SourceVersion "1"]
[SourceVersionDate "2015.03.11"]
[SourceQuality "1"]

1. b3 {The game rarely truly begins at the first move, but with Jobava it is
no great surprise. The Georgian player is exceptionally gifted, but not your
standard top grandmaster. In his chess philosophy opening knowledge does not
deserve any prominent spot.} g6 2. Bb2 Nf6 3. Nc3 Bg7 4. d4 c5 {Carlsen is a
clear favourite in the game and the world champion actively looks for early
conflict.} (4... d5 5. Qd2 a5 6. f3 h5 7. e4 dxe4 8. fxe4 a4 9. bxa4 Bh6 10.
Qd3 b6 11. Nf3 Ba6 12. Qd1 Bxf1 13. Rxf1 Nc6 14. d5 Na5 15. Qd4 c5 16. Qd3 O-O
17. h3 e6 18. d6 Nd7 19. g4 h4 20. e5 $14 {1-0 (48) Shengelia,D (2556)
-Schreiner,P (2460) Austria 2013}) 5. e3 cxd4 6. exd4 d5 {The choice of the
central structure was done in a hope, that the development of the bishop to b2
will turn out to have been slightly premature.} (6... O-O 7. Bd3 Nc6 8. Nge2 d6
9. O-O Bg4 10. f3 Bd7 11. Ne4 Nd5 12. Qd2 f5 13. Bc4 e6 14. Nxd6 Qh4 15. Nxb7
Bh6 16. f4 g5 17. g3 Qh5 18. Nc5 $18 {0-1 (37) Bancod,R (2171)-Gallegos,P 
(2097) ICC INT 2009}) 7. Qd2 Nc6 8. f3 h5 {In retrospect Black might have been
somewhat unhappy about the missed chance to limit the scope of the
light-squared bishop of White.} (8... a6 $5 9. O-O-O h5 $15) 9. Bb5 Qd6 10.
Nge2 Bh6 11. Qd1 (11. Qd3 a6 12. Bxc6+ Qxc6 $15) 11... Bf5 {In the games of
strong players every small detail can gain great importance. It seem to have
been somewhat more precise to kick the b5-bishop away with the immediate 11...
a6 move.} (11... a6 12. Bxc6+ Qxc6 13. Bc1 Bg7 14. O-O Bf5 $15) 12. Bc1 Bxc1 (
12... Bg7 13. Bf4 Qd7 14. O-O $11) 13. Rxc1 Rc8 14. Qd2 O-O 15. Bxc6 (15. O-O
Nd8 16. Nd1 a6 17. Bd3 Bxd3 18. Qxd3 Nc6 $11) 15... bxc6 {A chess game can be
presented as a sequence of more or (sometimes) less successful choices. Lesser
players might have hoped to get more play after recapturing with the rook.} (
15... Rxc6 16. Nd1 b5 17. O-O Rfc8 18. Ne3 Bd7 $11) 16. Na4 Rfe8 17. O-O e5 18.
c3 (18. Rce1 Nd7 19. Ng3 Qf6 20. Nxf5 Qxf5 $11) 18... h4 19. dxe5 Rxe5 20. b4
$1 {Jobava is on alert and his pawn move fixes the central structure on light
squares. Black's bishop is now limited by 4 black pawns sitting on the light
squares.} Rce8 (20... Nd7 21. Nd4 c5 22. Nxc5 Nxc5 23. f4 Re4 24. bxc5 Qxc5 25.
Kh1 Rce8 $11) 21. Nd4 h3 22. g3 (22. Nxf5 Rxf5 23. g3 (23. gxh3 $2 Nh5 $17)
23... Rfe5 $15) 22... Bc8 23. Nc5 Nd7 24. Nd3 {The knight exchange on d7 would
have made it easier for Black to seek some activity with the timely c6-c5
advance.} (24. Nxd7 Bxd7 25. Rfe1 Rxe1+ 26. Rxe1 Rxe1+ 27. Qxe1 c5 28. bxc5
Qxc5 $15) 24... R5e7 25. Rfe1 c5 26. bxc5 (26. Rxe7 Rxe7 27. bxc5 Nxc5 28. Nf4
Ne6 29. Ndxe6 Bxe6 30. Re1 $11) 26... Nxc5 27. Nf4 (27. Rxe7 Rxe7 28. Nf4 $11)
27... Rxe1+ 28. Rxe1 Rxe1+ 29. Qxe1 Ne6 {Carlsen does not want to risk a
situation in which the white knights will become too dangerous.} 30. Nfxe6 (30.
Ndxe6 Bxe6 31. Qe3 Qa6 32. g4 $1 Qxa2 33. Nxh3 a5 34. Ng5 $11) 30... Bxe6 31.
Kf2 {[%mdl 4096] For a very original player like Jobava the situation on the
board must have seemed a bit tedious, but he certainly had some problems
judging it correctly to the last detail. Exchanging the minor pieces should
have given White an equal position.} (31. Nxe6 fxe6 32. Qe3 Qa6 33. a4 $11)
31... Bd7 32. Qb1 Qc7 33. Qb3 Bc8 34. a3 (34. Qxd5 Qxc3 35. Qd8+ Kg7 36. Ne2
$11) 34... a5 35. Qb2 {White is unsure if opening of the position will be
enough for a draw, so he decides to wait.} (35. Qxd5 $1 Qxc3 36. Qd8+ Kh7 37.
Ne2 Qc5+ 38. Ke1 Be6 39. Qh4+ Kg8 40. Qd8+ $11) 35... Ba6 36. Nc2 Qa7+ 37. Ne3
Bc4 38. f4 Kh7 39. g4 {The proverbial moves just before the time control are
already made under some pressure.} (39. a4 Qd7 40. Qc2 Qc6 $15) 39... Qe7 40.
Qc1 $6 (40. a4 $1 Qe4 41. Qb8 Ba2 $15) 40... Qe4 41. f5 Qf4+ 42. Kg1 gxf5 43.
gxf5 Bd3 44. Qe1 Bxf5 (44... d4 45. cxd4 Qxd4 46. Qd2 Kg7 47. Kf2 Qf4+ 48. Ke1
Bb5 $15) 45. Nxf5 $2 {Just like tennis players chess players should also know
that a very important part of the match with better opponents is inner
confidence, that a loss is not the inevitable result. Jobava is trading minor
pieces and the black position strikingly jumps in value.} (45. Qf2 $1 Qg5+ 46.
Qg3 Qh6 47. Qe5 Be6 $15) 45... Qxf5 46. Qg3 Kh6 $1 {The white king is locked
in on g1 and the queen endgame proves to be simply hopeless.} 47. Qb8 (47. c4
dxc4 48. Qh4+ Kg7 49. Qd4+ Qf6 50. Qxc4 Qg5+ 51. Kf2 Qg2+ 52. Ke3 Qxh2 53. Qd4+
Kg6 54. Qe4+ Kf6 55. Qh4+ Ke6 56. Qc4+ Ke7 57. Qh4+ f6 58. Qh7+ Kd6 $19) 47...
Qf3 48. Qh8+ Kg6 49. Qg8+ Kf6 50. Qd8+ (50. a4 Qe3+ 51. Kf1 Qf4+ 52. Ke1 Qxh2
$19) 50... Kf5 0-1

[Event "HUN-ch 54th"]
[Site "Budapest"]
[Date "2004.08.24"]
[Round "6"]
[White "Berkes, Ferenc"]
[Black "Balogh, Csaba"]
[Result "1-0"]
[WhiteElo "2614"]
[BlackElo "2513"]
[Annotator "Ftacnik,L"]
[PlyCount "71"]
[EventDate "2004.08.19"]
[EventType "tourn"]
[EventRounds "9"]
[EventCountry "HUN"]
[EventCategory "13"]
[SourceTitle "CBM 103"]
[Source "ChessBase"]
[SourceDate "2004.11.11"]
[SourceVersion "1"]
[SourceVersionDate "2004.11.11"]
[SourceQuality "1"]

1. b3 e5 2. Bb2 Nc6 3. e3 Nf6 4. Bb5 Bd6 5. Na3 Na5 6. Be2 a6 7. c4 c5 (7... e4
8. Nc2 Nc6 9. d4 exd3 10. Bxd3 Be5 11. Bxe5 Nxe5 12. Nf3 Nxd3+ 13. Qxd3 d5 14.
Rd1 c6 15. O-O O-O 16. cxd5 Qxd5 17. Qc3 Qh5 {1/2-1/2 Georgiev,K-Kotronias,V/
Korinthos 1997/ (65)}) (7... O-O 8. Nf3 Re8 9. Nc2 (9. O-O Bf8 10. d3 Nc6 11.
e4 Bc5 12. Nc2 d6 13. Ne3 b5 14. Nd5 bxc4 15. bxc4 Rb8 16. Bc3 Bg4 17. Nxe5
Bxe2 18. Nxc6 Bxd1 19. Nxd8 Nxd5 20. cxd5 Be2 21. Nc6 Bxf1 22. Kxf1 Rb5 {
0-1 Chatalbashev,B-Atalik,S/Saint Vincent 2003/ (43)}) 9... e4 10. Nh4 Nc6 11.
f4 Bc5 12. Nf5 d5 13. cxd5 Nb4 14. Ncd4 Qxd5 15. a3 Nd3+ 16. Bxd3 exd3 17. b4
Bxd4 18. Nxd4 Qxg2 19. Rf1 Bg4 20. Nf3 Ne4 {0-1 Zurek,M-Hracek,Z/Czechia 2002/
(20)}) 8. Nf3 (8. d4 cxd4 9. Nc2 d3 10. Qxd3 {1/2-1/2 Odesskij,I-Potkin,V/
Pardubice 2001/ (10)}) 8... Nc6 9. d3 Bc7 {Due to the misplaced location of
the a3 knight black seems to have an easy equality in this opening line.} (9...
O-O 10. O-O Re8 11. Nc2 Bf8 12. d4 cxd4 13. exd4 e4 14. Ne5 d6 15. Nxc6 bxc6
16. d5 c5 17. b4 Rb8 18. Bc3 Nd7 19. a4 Ne5 20. Qd2 Qh4 21. Rab1 Bd7 22. b5 {
1-0 Teske,H-Berndt,S/Germany 1999/ (37)}) 10. O-O O-O 11. Rc1 (11. Nc2 d5 $11)
11... Qe7 12. Nb1 d5 (12... b5 13. Nc3 Bb7 $13) 13. cxd5 Nxd5 14. Nbd2 Bd7 (
14... b6 15. a3 Bb7 16. Qc2 Rad8 $13) 15. Qc2 b6 16. Rfe1 Rfe8 17. Bf1 a5 (
17... Ncb4 18. Qb1 Nf6 19. d4 e4 20. Ne5 Bf5 $11) 18. a3 Rad8 19. g3 Rc8 (19...
Be6 20. d4 exd4 21. exd4 Nxd4 22. Nxd4 cxd4 23. Bb5 Rf8 24. Nf3 Bd6 25. Nxd4
$14) 20. Qb1 (20. d4 e4 21. Bc4 exf3 (21... Ndb4 22. axb4 Nxb4 23. Qxe4 $16)
22. Bxd5 cxd4 23. Nxf3 $14) 20... Qd8 21. d4 $1 {Berkes chooses the right
moment for opening up of the center, sicne black can not push the unpleasant
move e5-e4.} (21. Bg2 Be6 $11) 21... exd4 22. exd4 cxd4 23. Nxd4 (23. Ba6 Rxe1+
24. Rxe1 Ra8 25. Qd3 Bd6 $11) 23... Nxd4 24. Bxd4 Ne7 (24... Qg5 25. Ne4 Qg6
26. Bd3 f5 27. Nc3 Rxe1+ 28. Rxe1 Nxc3 29. Bc4+ Kh8 30. Bxc3 $14) 25. Ba6 $1
Rb8 (25... Ra8 26. Bd3 Ng6 27. Rxe8+ Bxe8 28. Be4 Rb8 29. Qb2 Bd6 30. Bxg7 Bxa3
31. Qxa3 Kxg7 32. Nc4 $14) 26. Bd3 Ng6 (26... g6 $2 27. Ne4 $18) (26... h6 27.
Qb2 f6 28. Ne4 $16) 27. Qb2 f6 (27... Rxe1+ 28. Rxe1 Qf8 29. f4 Re8 30. Rxe8
Qxe8 31. Nf1 $14) 28. Qc2 Bd6 (28... Rxe1+ 29. Rxe1 Nf8 (29... Be8 30. Rxe8+
Qxe8 31. Qxc7 $18) 30. Be4 $14) 29. Nc4 Bf8 (29... Be7 30. Bxg6 hxg6 31. Qxg6
b5 32. Ne3 Bxa3 33. Rcd1 Bb4 34. Nd5 $1 $18) 30. Bxb6 $1 {[%mdl 64] An
excellent combination that fully exploits more harmonious white pieces
controlling the full center.} Rxb6 31. Nxb6 Rxe1+ $2 (31... Qxb6 32. Qc4+ Be6
33. Rxe6 Qxe6 (33... Rxe6 34. Bf5 Kf7 35. Re1 $16) 34. Qxe6+ Rxe6 35. Bc4 Kf7
36. Re1 Ne5 37. Bxe6+ Kxe6 38. f4 $16) 32. Rxe1 Qxb6 33. Qc4+ Kh8 34. Qf7 Qd8 (
34... Qb8 35. Bxg6 hxg6 36. Re4 g5 37. Qxd7 $18) 35. Bxg6 hxg6 36. Rd1 (36. Rd1
Be7 37. Rd4 f5 38. Qd5 $18) 1-0

[Event "Julian Borowski-A 3rd"]
[Site "Essen"]
[Date "2001.05.08"]
[Round "6"]
[White "Bischoff, Klaus"]
[Black "Sutovsky, Emil"]
[Result "0-1"]
[WhiteElo "2533"]
[BlackElo "2604"]
[Annotator "Ftacnik,L"]
[PlyCount "52"]
[EventDate "2001.05.02"]
[EventType "tourn"]
[EventRounds "9"]
[EventCountry "GER"]
[EventCategory "15"]
[SourceTitle "CBM 083"]
[Source "ChessBase"]
[SourceDate "2001.07.05"]
[SourceVersion "1"]
[SourceVersionDate "2001.07.05"]
[SourceQuality "1"]

1. b3 e5 2. Bb2 Nc6 3. e3 Nf6 4. Bb5 Bd6 5. Ne2 a6 6. Bxc6 dxc6 7. Nbc3 (7. d4
e4 (7... exd4 8. Qxd4 Bg4 9. f3 c5 10. Qd3 Bd7 11. Nd2 O-O 12. O-O-O b5 13. e4
c4 14. bxc4 Qe7 15. Nd4 {1-0 Kunin,V-Arkhangelsky,B/Moscow/1999/ (52)}) 8. c4
O-O 9. Nbc3 Re8 10. h3 b5 11. Qc2 bxc4 12. bxc4 Rb8 13. Nb1 c5 14. Nd2 cxd4 15.
Bxd4 Bb4 16. Rd1 {1-0 Garcia Padron,J-Romero Holmes,A/Cordoba/ 1995/ (44)}) (7.
d3 O-O 8. Nd2 Qe7 9. h3 Nd5 10. e4 Nb6 11. O-O f5 12. exf5 Bxf5 13. Ng3 Bg6 14.
Re1 Nd5 15. Nf3 Qf6 16. Bxe5 Bxe5 17. Rxe5 Nf4 {1/2-1/2 Arencibia,W-Estremera
Panos,S/Malaga/ 2000/ (31)}) 7... e4 (7... Qe7 8. Ng3 Bg4 9. f3 Be6 10. Nce4
Nxe4 11. Nxe4 O-O 12. O-O f5 13. Nxd6 cxd6 14. f4 e4 15. h3 Rad8 16. Kh2 h6 17.
d3 d5 {1/2-1/2 Lein,A-Malbran,G/Philadelphia/1989/ (58)}) 8. Ng3 Qe7 9. Qe2 (9.
Nh5 O-O 10. Nxf6+ Qxf6 11. Qh5 Bf5 $15) 9... O-O 10. O-O-O (10. f3 exf3 11.
gxf3 Re8) 10... Ba3 11. Bxa3 $2 {Bishoff underestimates the danger of letting
black's queen closer to his own king, the bishop's exchange was far from
necessary.} (11. f3 exf3 12. gxf3 Bxb2+ 13. Kxb2 Be6 $11) 11... Qxa3+ 12. Kb1
Re8 13. f3 (13. d3 exd3 14. Rxd3 c5 $11) 13... exf3 14. gxf3 a5 $1 15. Nge4 (
15. Rhg1 a4 16. Qg2 g6 $15) 15... Nxe4 16. fxe4 (16. Nxe4 a4 17. Nc3 axb3 18.
cxb3 Qb4 $17) 16... a4 17. d3 (17. Nxa4 Rxa4 18. bxa4 Rxe4 19. d4 Be6 20. c3
Qxc3 $17) 17... Be6 18. Qd2 (18. Nxa4 Rxa4 19. bxa4 Bxa2+ 20. Ka1 Qc3+ 21. Kxa2
Ra8 $19) 18... b5 19. Qc1 Qb4 20. Qb2 axb3 21. axb3 (21. cxb3 Ra3 22. Rhg1 g6
$17) 21... Ra3 {[%mdl 128] The open a file will decide the game, white is
helpless against black's pressure.} 22. Ne2 (22. Rhg1 Rea8 (22... g6 $17) 23.
Rxg7+ (23. Na2 Qf8 24. Nc3 f6 $17) 23... Kf8 24. Kc1 Ra1+ 25. Kd2 R1a2 $19)
22... Rea8 23. Rhg1 g6 24. Qc3 Qd6 (24... Ra1+ 25. Qxa1 Rxa1+ 26. Kxa1 c5 27.
Kb2 c4 28. dxc4 bxc4 $15) 25. Nf4 b4 $1 26. Qb2 Qc5 0-1

[Event "Bundesliga 0405"]
[Site "Germany"]
[Date "2005.03.14"]
[Round "13.8"]
[White "Enders, Peter"]
[Black "Hansen, Curt"]
[Result "0-1"]
[WhiteElo "2456"]
[BlackElo "2633"]
[Annotator "Ftacnik,L"]
[PlyCount "80"]
[EventDate "2004.11.12"]
[EventType "team-tourn"]
[EventRounds "15"]
[EventCountry "GER"]
[SourceTitle "CBM 106"]
[Source "ChessBase"]
[SourceDate "2005.06.06"]
[SourceVersion "1"]
[SourceVersionDate "2005.06.06"]
[SourceQuality "1"]
[WhiteTeam "Erfurt"]
[BlackTeam "Porz"]
[WhiteTeamCountry "GER"]
[BlackTeamCountry "GER"]

1. b3 e5 2. Bb2 Nc6 3. Nf3 e4 4. Nd4 Nxd4 5. Bxd4 d5 6. e3 Nf6 7. d3 {With the
bishop unnaturaly exposed in the center white will find it challenging to get
any advantage from the opening.} (7. Be2 Be7 8. d3 O-O 9. Nd2 a5 (9... Re8 10.
Rc1 b6 11. O-O Bb7 12. c4 c5 13. Bxf6 Bxf6 14. cxd5 exd3 15. Bxd3 Qxd5 16. Nf3
Rad8 17. Be2 {1/2-1/2 Duckworth,W-Marshall,T/Palo Alto 1981/ (23)}) 10. a4 Re8
11. O-O Bf5 12. dxe4 Nxe4 13. Nxe4 dxe4 14. Bc3 Bd6 15. Bc4 Qg5 16. Qd5 Qg6 17.
Rfe1 c6 18. Qd2 Rad8 19. Qe2 Bg4 20. Qf1 b6 21. Be2 Bf3 22. Rac1 Bxh2+ {
0-1 Clamp,C-Sinkovics,P/Rommelshausen 2002/ (22)}) 7... Bf5 8. Nd2 c6 9. dxe4 (
9. Be2 Qc7 10. h3 O-O-O $13) 9... dxe4 (9... Nxe4 10. Bd3 Bb4 11. Bxe4 dxe4 12.
c3 Bf8 $11) 10. Be2 Qc7 11. Qc1 (11. Bxf6 gxf6 12. Bg4 Bg6 $15) 11... Nd5 12.
c4 (12. Qb2 O-O-O 13. Bxg7 Bxg7 14. Qxg7 Rhg8 15. Qb2 Rxg2 $17) 12... Nb4 13.
a3 (13. Qc3 c5 (13... O-O-O 14. a3 Nd3+ 15. Bxd3 exd3 16. O-O $14) 14. Bxg7 (
14. Be5 Qe7 15. O-O O-O-O 16. Rfd1 $11) 14... Bxg7 15. Qxg7 O-O-O 16. Rd1 Qe7
17. Qc3 Rhg8 $15) 13... c5 $1 {Fine intermidiate move, that will be useful in
the fight for control of the central squares.} 14. Bc3 (14. axb4 cxd4 15. exd4
Bxb4 16. O-O Qd6 $15) 14... Nd3+ 15. Bxd3 exd3 16. e4 (16. Qd1 Qc6 17. O-O
O-O-O 18. b4 $13) 16... Bg6 17. f3 O-O-O 18. Qb2 f5 19. O-O-O (19. O-O fxe4 (
19... Bd6 20. e5 Be7 21. f4 $11) 20. fxe4 Bd6 21. e5 Be7 22. e6 Bd6 23. Bxg7
Bxh2+ 24. Kh1 Rhg8 25. Bf6 Rde8 $15) 19... fxe4 20. Nxe4 {It seems logical to
provoke Hansen's strong light squared bishop, but after the excange in the
center white king will be a bit more exposed.} (20. fxe4 $5 Rg8 (20... Bh5 21.
Rdf1 Be2 22. Rf5 $13) 21. Kb1 $13) 20... Bxe4 21. fxe4 Be7 (21... Qf4+ $6 22.
Qd2 Qxe4 23. Rhe1 Qg6 24. Re3 $14) 22. Rhf1 (22. Bxg7 Rhg8 23. Kb1 d2 $1 (23...
Qf4 24. Bc3 Qxe4 25. Rhe1 Qg4 26. h3 Qh4 27. Re3 $14) 24. Ka2 Qf4 25. g3 Qxe4
26. Bc3 Rgf8 $15) (22. Kb1 Rhg8 $15) 22... Qxh2 23. Bxg7 Rhg8 24. Rf7 (24. Kb1
Rd7 25. Rf3 d2 $17) 24... Qh5 $1 {This fine combination does not win the
exchange, but it gets the central pawn and cares for a decisive advantage.} 25.
Rxe7 (25. Rdf1 d2+ $19) 25... Qg5+ 26. Kb1 Qxe7 27. Bf6 (27. Be5 Rd7 $19) 27...
Qxe4 28. Bxd8 Rxd8 29. Qf2 b6 30. Kc1 Qe5 $1 31. Kb1 (31. Qb2 d2+ 32. Kb1 Qg3
33. Qc2 Rd7 34. Kb2 Qxg2 $19) 31... Qe2 32. Qf5+ (32. Qf3 Qc2+ 33. Ka1 d2 34.
Qa8+ Kc7 35. Qxa7+ Kc6 36. Qa4+ Kb7 $19) 32... Rd7 33. Qf8+ Rd8 34. Qf5+ Rd7
35. Qf8+ Kb7 36. Qf3+ Ka6 $1 {Hansen correctly sees, that the decision will
fall in a winning rook endgame.} 37. Rc1 (37. Ka1 h5 $19) 37... Qxf3 38. gxf3
d2 39. Rd1 h5 40. f4 h4 (40... h4 41. f5 h3 42. f6 h2 43. Kc2 Kb7 $19) 0-1